00488cam a22001694a 450000100090000000300040000900500170001300800410003001000170007102000150008804000130010305000240011610000190014024500910015926000270025030000410027714567331OSt20160511080609.0060925s2008 mauab 001 0 eng  a 2006051688 a971598004x aDLCcDLC aPN 4271b.C227 1996 aCanonigo, C.S. aO.D.S. operations declamations and speeches :bfor various occasions /cC.S. Canonigo. aManila :bs.n.,c1996. a197 pages :billustrations ;c19 cm.